Name the 2020s POP Singer by Their Song! (Easy Edition) - Statistics

General Stats
  • This quiz has been taken 32 times
  • The average score is 11 of 15
Answer Stats
Song Singer % Correct
"Espresso" Sabrina Carpenter
100%
"BIRDS OF A FEATHER" Billie Eilish
96%
"As It Was" Harry Styles
96%
"driver license" Olivia Rodrigo
96%
"Blinding Lights" The Weeknd
96%
"Levitating" Dua Lipa
93%
"Say So" Doja Cat
79%
"Abracadabra" Lady Gaga
75%
"34+35" Ariana Grande
71%
"greedy" Tate McRae
68%
"Dynamite" BTS
64%
"STAY" Justin Bieber, The Kid LAROI
64%
"Diet Pepsi" Addison Rae
57%
"360" Charli XCX
54%
"The Cut That Always Bleeds" Conan Gray
21%
No matching quizzes found
Score Distribution
Percent of People with Each Score
Percentile by Number Answered
Your Score History
You have not taken this quiz